Loading...
| Beliefs | 1 | 1 | 1 | 0 | 20 | 22 | 67.50 | 1 | 2 | 0.00 | 0.00 |
| Literature - British | 0 | 2 | 0 | 0 | 20 | 109 | 123.00 | 1 | 1 | 0.00 | 0.00 |
| Philosophy | 0 | 2 | 0 | 0 | 20 | 79 | 83.00 | 1 | 2 | 0.00 | 0.00 |
| Geography | 1 | 0 | 0 | 0 | 15 | 59 | 59.00 | 1 | 1 | 0.00 | 0.00 |
| Other Arts: Visual | 1 | 0 | 0 | 0 | 15 | 57 | 57.00 | 1 | 1 | 0.00 | 0.00 |
| Other Science: Math | 1 | 0 | 0 | 0 | 15 | 28 | 28.00 | 1 | 1 | 0.00 | 0.00 |
| History - European | 1 | 0 | 0 | 0 | 15 | 49 | 49.00 | 0 | 1 | 0.00 | 0.00 |
| Fine Arts - Auditory | 1 | 0 | 1 | 0 | 10 | 35 | 35.00 | 1 | 1 | 0.00 | 0.00 |
| Other Science: Earth Science | 0 | 1 | 0 | 0 | 10 | 68 | 68.00 | 1 | 1 | 0.00 | 0.00 |
| History - World | 0 | 1 | 0 | 1 | 10 | 97 | 97.00 | 1 | 1 | 0.00 | 0.00 |
| Literature - American | 0 | 1 | 0 | 0 | 10 | 92 | 92.00 | 1 | 1 | 0.00 | 0.00 |
| 0 | 0 | 1 | 0 | -5 | 0.00 | 0 | 0 | 0.00 | 0.00 |